En vez de la miseria

Saved in:
Bibliografiske detaljer
Hovedforfatter: Ahumada C., Jorge (Author)
Format: Bog
Sprog:spansk
Udgivet: Santiago Del Pacífico 1972
Udgivelse:8a. ed
Fag:
Tags: Tilføj Tag
Ingen Tags, Vær først til at tagge denne postø!

MARC

LEADER 00000nam a2200000 a 4500
001 UCR3508
003 CL-VaPUC
008 980124e19720000CL |||||||||||||||||spa|d
082 0 4 |a 330.9  |b AHU  |2 21 
100 0 |a Ahumada C., Jorge  |e author  |9 402388 
245 1 0 |a En vez de la miseria 
250 |a 8a. ed 
300 |a 194 p 
942 |c BK 
945 |d 19980124 00:00:00  |a aolguin 
260 |a Santiago  |b Del Pacífico  |c 1972 
650 0 |a Economía   |9 255568 
650 7 |a CRISIS  |2 CL-VaPUC  |9 328300 
650 7 |a CRISIS ECONOMICA  |2 CL-VaPUC  |9 402389 
650 7 |a DEPRESION MUNDIAL  |2 CL-VaPUC  |9 402390 
650 0 |a Desarrollo económico  |9 259599 
650 0 |a Distribución del ingreso  |9 334288 
650 7 |a SISTEMA EDUCACIONAL  |2 CL-VaPUC  |9 339433 
650 0 |a Democracia  |9 255256 
650 0 |a Economía   |9 255568 
650 0 |a REFORMA AGRARIA  |9 256789 
650 0 |a Estabilidad económica   |9 316752 
650 0 |a Producción industrial  |9 307907 
650 0 |a Gobierno   |9 255508 
650 0 |a Industrialización  |9 263687 
650 0 |a Exportación  |9 351066 
650 0 |a Importación  |9 378887 
583 |a last modification  |c 20160602 17:23:33  |k Rodrigo Vera 
999 |c 266570  |d 266568 
952 |0 0  |1 0  |4 0  |6 330_900000000000000_AHU_1972  |7 0  |8 A  |9 298292  |a BIBENE  |b BIBENE  |d 2019-11-20  |i 1943510  |o 330.9 AHU 1972  |p 1943510  |r 2025-01-15  |w 2019-11-20  |y BK  |k ICO